000 00707nam a2200217 a 4500
001 020353
003 BD-ChCU
008 Ben
020 _a৯৮৪৮০৬৫০৭৫
040 _aDLC
_cDLC
_dBD-ChCU
082 0 0 _a১৮৪/প্লেটো ৪
100 1 _a-
_b-
245 1 0 _aপ্লেটোর সংলাপ :
_bসক্রেটিসের বিচার এবং মৃত্যুর কাহিনী সংবলিত
250 _a***
260 _aঢাকা
_bপ্যাপিরাস
_c১৯৯১
300 _a**
504 _aসম্বলিত Biblio-
650 0 _aদর্শন
_bদর্শন
700 1 _a-
942 _2ddc
_cBK
999 _c20353
_d20353